Kościoły Europy - Statystyki

Ogólne statystyki
  • Ten quiz został rozwiązany 35 razy
  • Średni wynik to 22 z 100
Statystyki odpowiedzi
Obrazkowy Odpowiedź % Poprawnych
Paryż
74%
Rzym
74%
Rzym
74%
Barcelona
70%
Florencja
70%
Wenecja
67%
Piza
63%
Mediolan
59%
Praga
59%
Kolonia
56%
Berlin
52%
Praga
52%
Wiedeń
52%
Fatima
48%
Reykjavik
48%
Rzym
48%
Monachium
41%
Paryż
37%
Santiago de Compostela
37%
Ulm
37%
Wiedeń
37%
Wilno
37%
Strasburg
33%
Akwizgran
30%
Drezno
30%
Paryż
30%
Amiens
26%
Asyż
26%
Chartres
26%
Helsinki
26%
Lizbona
26%
Londyn
26%
Orvieto
26%
Rouen
26%
Sewilla
26%
Tallin
26%
Barcelona
22%
Budapeszt
22%
Burgos
22%
Gandawa
22%
Lourdes
22%
Porto
22%
Ryga
22%
Sztokholm
22%
Canterbury
19%
Medjugorie
19%
Palma de Mallorca
19%
Praga
19%
Salamanka
19%
Salisbury
19%
Amsterdam
15%
Bratysława
15%
Bruksela
15%
Dublin
15%
Edynburg
15%
Porto
15%
Ryga
15%
Salzburg
15%
Segowia
15%
Zagrzeb
15%
Bratysława
11%
Kadyks
11%
Lublana
11%
Marsylia
11%
Porto
11%
Trewir
11%
Uppsala
11%
York
11%
Zurych
11%
Bazylea
7%
Berno
7%
Braga
7%
Brema
7%
Hallstatt
7%
Koszyce
7%
Królewiec
7%
Maastricht
7%
Ostrzyhom
7%
Schwerin
7%
Trondheim
7%
Utrecht
7%
Valletta
7%
Bled
4%
Braszów
4%
Delft
4%
Kopenhaga
4%
Linz
4%
Manchester
4%
Pecz
4%
Szybenik
4%
Antwerpia
0%
Czeski Krumlov
0%
Heddal
0%
Kluż-Napoka
0%
Monaghan
0%
Rijeka
0%
Schmitten
0%
Sztokholm
0%
Tampere
0%
Urnes
0%
Nie znaleziono quizów pasujących do podanych kryteriów
Rozkład punktacji
Procent ludzi z każdym wynikiem
Percentyl według liczby udzielonych odpowiedzi
Twoja historia wyników
Nie rozwiązałeś tego quizu